000 00615nam a2200205Ia 4500
003 OSt
005 20250602101719.0
008 210716s2005 xx 000 0 und d
020 _a9781591396338
040 _cAIMIT LIBRARY
041 _aeng
082 _a658.4093
_21
_bHARB
245 _aTime management:
_bincrease your personal productivity and effectiveness /
250 _a1st ed.
260 _aBoston :
_bHarvard Business School Press ,
_c2005.
300 _axx,152p. ;
_bPB
_c23 cm.
650 _aScheduling your time
_9212133
650 _aDelegation
_9212134
942 _2ddc
_cBK
_e1st ed.
_k658.4093 HARB
999 _c201599
_d201599